A divat és bolondságai általábanvéve

Elmentve itt :
Bibliográfiai részletek
Szerző: Kuliffay Edéné Beniczky Irma
Dokumentumtípus: Cikk
Megjelent: 1876
Sorozat:Kolligátum
Kulcsszavak:Öltözködés története, Divattörténet
Online Access:http://misc.bibl.u-szeged.hu/24586
LEADER 00594nab a2200169 i 4500
001 misc24586
005 20191111110719.0
008 170901s1876 hu o 0|| zxx d
040 |a SZTE Miscellanea Repozitórium  |b hun 
041 |a zxx 
100 2 |a Kuliffay Edéné Beniczky Irma 
245 1 2 |a A divat és bolondságai általábanvéve  |h [elektronikus dokumentum] /  |c  Kuliffay Edéné Beniczky Irma 
260 |c 1876 
300 |a 5-19 
490 0 |a Kolligátum 
695 |a Öltözködés története, Divattörténet 
856 4 0 |u http://misc.bibl.u-szeged.hu/24586/1/011_022_005-019.pdf  |z Dokumentum-elérés